000 01175cam a22002294a 4500
005 20250605164004.0
008 250528s ||||||||||||||||||||||||d
035 _a15757
020 _a750647043
040 _aGR-AtMCL
_bgre
_dGR-AtMCL
_eAACR2
245 1 _aCybermarketing / How to Use the Internet to Market Your Goods and Services
250 _a2nd
260 _bButterworth Heinemann,
_c2001
300 _a360
520 _aA no-nonsense structured guide to using the Internet for Marketing and an essential reference point for all marketers and managers. Acknowledgements, Read this First, Marketing with the Internet, Finding out about Your World and Your Market, Researching Your Markets on the Internet, Making Your Information System Work, Segmentation and Establishing a Niche in the Global Market, Exploring Your Global Niche - the Best Marketing Mix, Promoting Yourself Online, Producing Your Promotional Materials Online, E-Commerce and Selling Online, Where is all Taking Us, Index.
700 1 _aBickerton Matthew
_91733
700 1 _aBickerton Pauline
_91734
700 1 _aPardesi Upkar
_91735
942 _cBK
999 _c1312
_d1312